01009 a2200301 4500003000500000005001700005010001700022020001500039020002800054020001800082020003100100035002100131035002400152040000900176082001800185100003100203245013400234260004400368300004500412500003300457650002900490650002500519651001100544700002200555700003100577710001600608856008300624Nust20170207154054.0 a 2008031703 a0821376012 a0821376020 (electronic) a9780821376010 a9780821376027 (electronic) a(OCoLC)230195412 a(OCoLC)ocn230195412 cNust00a332.63/2309541 aSophastienphong, Kiatchai.10aSouth Asian bond markets :developing long-term finance for growth(E-BOOK)cKiatchai Sophastienphong, Yibin Mu, Carlotta Saporito. aWashington, D.C. :bWorld Bank,cc2008. axxvi, 195 p. :bill., col. map ;c23 cm. aCol. map on p. [2] of cover. 0aBond marketzSouth Asia. 0aFinancezSouth Asia. aE-BOOK1 aMu, Yibin,d1968-1 aSaporito, Carlotta,d1981-2 aWorld Bank.413Table of contents onlyuhttp://www.loc.gov/catdir/toc/ecip0823/2008031703.html